000 00292cam a22001097a 4500
008 180718b xxu||||| |||| 00| 0 eng d
082 _aT3103064x54 Y32/62
245 _aYear book on company law 1962
260 _aMadras
_bEfficiency Aids Private Ltd.
_c
300 _a147p.
650 _aCompany- law
999 _c432224
_d432224